Normal view
MARC view
Entry Personal Name
001 - CONTROL NUMBER
- control field: 60660
003 - CONTROL NUMBER IDENTIFIER
- control field: dpl
005 - DATE AND TIME OF LATEST TRANSACTION
- control field: 20240104155906.0
008 - FIXED-LENGTH DATA ELEMENTS
- fixed length control field: 240104|| aca||aabn | a|a d
040 ## - CATALOGING SOURCE
- Original cataloging agency: dpl
- Transcribing agency: dpl
100 ## - HEADING--PERSONAL NAME
- Personal name: सक्सेना,बलबीर
670 ## - SOURCE DATA FOUND
- Source citation: Work cat.: (dpl)199970: सक्सेना,बलबीर, भारत रतन /, 2021
